Quick Pick: Real Family Guy Characters Quiz Stats

 Plays Quiz Updated Jan 21, 2018

Challenge
Share
Tweet
Embed
Score 0/15 Timer 01:30
7 Plays Today
% Correct
Cleveland Brown
86.9%
Adam West
83.9%
Ernie the Giant Chicken
80.5%
Tom Tucker
79.4%
Greased-up Deaf Guy
78.3%
James Woods
77.8%
Diane Simmons
70.8%
Buzz Killington
65.1%
% Correct
Opie
57.8%
Angela
56.5%
Bertram
52.7%
Jasper
48.2%
Crystal Quagmire
47.2%
Karen Griffin
46.9%
Roberta Tubbs
45.9%

Today's Daily Dose

Word Ladder
Bruno Mars Song

Get the Picture
Japanese Cars

You're not logged in!

Compare scores with friends on all Sporcle quizzes.
OR
Log In

You Might Also Like...

Show Comments

Extras

Top Quizzes Today


Score Distribution

Your Account Isn't Verified!

In order to create a playlist on Sporcle, you need to verify the email address you used during registration. Go to your Sporcle Settings to finish the process.

Report this User

Report this user for behavior that violates our Community Guidelines.

Details: